<?xml version="1.0" encoding="UTF-8"?><?xml-stylesheet type="text/xsl" href="static/style.xsl"?><OAI-PMH xmlns="http://www.openarchives.org/OAI/2.0/" xmlns:xsi="http://www.w3.org/2001/XMLSchema-instance" xsi:schemaLocation="http://www.openarchives.org/OAI/2.0/ http://www.openarchives.org/OAI/2.0/OAI-PMH.xsd"><responseDate>2026-04-17T13:12:51Z</responseDate><request verb="GetRecord" identifier="oai:www.recercat.cat:2445/123320" metadataPrefix="marc">https://recercat.cat/oai/request</request><GetRecord><record><header><identifier>oai:recercat.cat:2445/123320</identifier><datestamp>2025-12-05T09:36:40Z</datestamp><setSpec>com_2072_1057</setSpec><setSpec>col_2072_478915</setSpec><setSpec>col_2072_478917</setSpec></header><metadata><record xmlns="http://www.loc.gov/MARC21/slim" xmlns:dcterms="http://purl.org/dc/terms/" xmlns:xsi="http://www.w3.org/2001/XMLSchema-instance" xmlns:doc="http://www.lyncode.com/xoai" xsi:schemaLocation="http://www.loc.gov/MARC21/slim http://www.loc.gov/standards/marcxml/schema/MARC21slim.xsd">
   <leader>00925njm 22002777a 4500</leader>
   <datafield ind2=" " ind1=" " tag="042">
      <subfield code="a">dc</subfield>
   </datafield>
   <datafield ind2=" " ind1=" " tag="720">
      <subfield code="a">Velásquez Diaz, Milton</subfield>
      <subfield code="e">author</subfield>
   </datafield>
   <datafield ind2=" " ind1=" " tag="260">
      <subfield code="c">2018-07-02T10:54:30Z</subfield>
   </datafield>
   <datafield ind2=" " ind1=" " tag="260">
      <subfield code="c">2018-07-02T10:54:30Z</subfield>
   </datafield>
   <datafield ind2=" " ind1=" " tag="260">
      <subfield code="c">2017</subfield>
   </datafield>
   <datafield ind2=" " ind1=" " tag="520">
      <subfield code="a">[eng] South America has a lack of confidence in almost all its public institutions, and judiciaries are not the exception. This article starts with general aspects of judicial independence, impartiality and accountability, and then shows an overview of regional judicial reforms in the last decades. Based on a widely accepted conception of bureaucratic judiciary, this article aims to analyze how its elements work on South American&#xd;
democracies; which will be useful to identify critical issues and emerging challenges on Judicial Councils, recruitment process of judges and magistrates, technical qualification, and disciplinary liability.</subfield>
   </datafield>
   <datafield ind2=" " ind1=" " tag="520">
      <subfield code="a">[spa] En Sudamérica existe una desconfianza en casi todas sus instituciones públicas, y sus judicaturas no son la excepción. Este artículo comienza con aspectos generales sobre independencia judicial, imparcialidad y responsabilidad, para luego mostrar un panorama general de las reformas judiciales hechas en la Región las últimas décadas. A base de una concepción ampliamente aceptada de magistratura burocrática, este&#xd;
artículo procura analizar cómo sus elementos funcionan en las democracias sudamericanas; lo que será de utilidad para identificar aspectos críticos y retos emergentes relacionados a los Consejos de la Magistratura, procesos de selección de jueces y magistrados, formación especializada y responsabilidad disciplinaria.</subfield>
   </datafield>
   <datafield ind2=" " ind1=" " tag="520">
      <subfield code="a">[cat] A Sud-amèrica existeix una desconfiança en gairebé totes les seves institucions públiques i les seves judicatures no són l'excepció. Aquest article comença amb aspectes generals sobre independència judicial, imparcialitat i responsabilitat, per després mostrar un panorama general de les reformes judicials realitzades a la Regió les últimes dècades. A força d'una concepció àmpliament acceptada de magistratura burocràtica, aquest article procura analitzar com els seus elements funcionen en les democràcies sud-americanes; que&#xd;
serà d'utilitat per identificar aspectes crítics i reptes emergents relacionats als Consells de la Magistratura, processos de selecció de jutges i magistrats, formació especialitzada i responsabilitat disciplinària.</subfield>
   </datafield>
   <datafield tag="653" ind2=" " ind1=" ">
      <subfield code="a">Amèrica del Sud</subfield>
   </datafield>
   <datafield tag="653" ind2=" " ind1=" ">
      <subfield code="a">Burocràcia</subfield>
   </datafield>
   <datafield tag="653" ind2=" " ind1=" ">
      <subfield code="a">Poder judicial</subfield>
   </datafield>
   <datafield tag="653" ind2=" " ind1=" ">
      <subfield code="a">South America</subfield>
   </datafield>
   <datafield tag="653" ind2=" " ind1=" ">
      <subfield code="a">Bureaucracy</subfield>
   </datafield>
   <datafield tag="653" ind2=" " ind1=" ">
      <subfield code="a">Judicial power</subfield>
   </datafield>
   <datafield ind2="0" ind1="0" tag="245">
      <subfield code="a">Judicial independence and bureaucratic judiciary. Perspectives from South America</subfield>
   </datafield>
</record></metadata></record></GetRecord></OAI-PMH>